| 000 | 00662nam a2200205Ii 4500 | ||
|---|---|---|---|
| 003 | JO-AjNU | ||
| 008 | 230606s9999||||xx |||||||||||||| ||und|| | ||
| 040 |
_aJO-AjNU _beng _erda _cJO-AjNU |
||
| 041 | _aeng | ||
| 050 | 1 | 4 | _aLC4601.42 2010 |
| 100 | 3 |
_aBala,Jampala Mmadhu مؤلف/Rao,Digumarti Bhaskara م.مشارك, _eauthor _9134 |
|
| 245 | 0 | 0 | _aMethods Of Teaching Exceptional Children |
| 250 | _a1 ed | ||
| 264 | 3 | 1 | _aNew York:Discovery Publishing House,2010 |
| 300 | _a319P | ||
| 336 |
_atext _btxt _2rdacontent |
||
| 337 |
_aunmediated _bn _2rdamedia |
||
| 338 |
_avolume _bnc _2rdacarrier |
||
| 650 | 4 |
_aSocial sciences-Study and teaching (Elementary) _9135 |
|
| 999 |
_aE71 _c71 _d71 |
||